Inverted Flags #4 - Statistics

General Stats
  • This quiz has been taken 24 times
  • The average score is 6 of 8
Answer Stats
Picture Answer % Correct
Sri Lanka
100%
China
95%
South Africa
95%
Iran
90%
Thailand
80%
Venezuela
75%
Burundi
65%
Estonia
35%
No matching quizzes found
Score Distribution
Percent of People with Each Score
Percentile by Number Answered
Your Score History
You have not taken this quiz